Dopravná politika a dopravná infraštruktúra v ekonomike Slovenska diplomová práca

Salvato in:
Dettagli Bibliografici
Autore principale: Kleinová, Zuzana
Ente Autore: Národohospodárska fakulta EU. Katedra hospodárskej politiky
Altri autori: Lukáčik, Ján
Natura: Libro
Lingua:slovacco
Pubblicazione: Bratislava 2009
Tags: Aggiungi Tag
Nessun Tag, puoi essere il primo ad aggiungerne!!

MARC

LEADER 00000nam$a2200000$$$4500
001 0095797
005 20240319123749.7
041 0 |a slo 
044 |a SK 
245 1 0 |a Dopravná politika a dopravná infraštruktúra v ekonomike Slovenska  |b diplomová práca  |c Zuzana Kleinová ; škol. Ján Lukáčik 
264 1 |a Bratislava  |c 2009 
300 |a 78 s. 
100 1 |a Kleinová, Zuzana 
700 1 |a Lukáčik, Ján 
710 2 |a Národohospodárska fakulta EU. Katedra hospodárskej politiky